Nicknames of Medieval Rulers - Sudden Death - Statistics

General Stats
  • This quiz has been taken 115 times
  • The average score is 9 of 25
Answers on the Grid
Answers color-coded by a green-red scale on the quiz's grid according to % correct below.
Charles the Bald
Louis the Pious
Ferdinand the Desired
Henry the Silent
David the Builder
Sviatopolk the Accursed
Ivan the Fantastic
Boleslaus the Blind
Charles the Bewitched
John the Heretic
Vlad the Impaler
Eric Bloodaxe
William the Vain
Robert the Bruce
Peter the Unlucky
Louis the Fair
Władysław the Green
Henry the Fat
Suleiman the Magnificent
Alfonso the Last
Selim the Besieger
Nicholas the Martyr
William the Inbred
Philip the Oppressor
Thomas the Doubter
Henry the Navigator
Alexander the Great
Valdemar the Sword-Breaker
Edwin the Mimic
Louis the German
Ramsay the Flayer
Harald Hardrada
Manuel Bignose
Timur the Lame
Sweyn Forkbeard
Louis the Stammerer
Frederick William the Great Elector
Sancho the Executioner
Good King Wenceslas
Richard the Lionheart
 
Answer Stats
Answer % Correct
Richard the Lionheart
80%
Charles the Bald
74%
Vlad the Impaler
74%
Robert the Bruce
70%
Louis the Pious
66%
Alexander the Great
57%
Harald Hardrada
51%
Suleiman the Magnificent
47%
Henry the Navigator
39%
Sweyn Forkbeard
37%
Timur the Lame
36%
Louis the German
34%
Good King Wenceslas
33%
Eric Bloodaxe
30%
Frederick William the Great Elector
30%
Louis the Fair
29%
Henry the Fat
23%
Louis the Stammerer
21%
Charles the Bewitched
14%
David the Builder
14%
Boleslaus the Blind
13%
Nicholas the Martyr
11%
Sviatopolk the Accursed
11%
Ferdinand the Desired
10%
Philip the Oppressor
7%
No matching quizzes found
Score Distribution
Percent of People with Each Score
Percentile by Number Answered
Your Score History
You have not taken this quiz